| 000 | 00438nam a2200157Ia 4500 | ||
|---|---|---|---|
| 008 | 151213s9999 xx 000 0 und d | ||
| 100 | _aRoss , Westerfield, Jordan. | ||
| 245 |
_aFundamental of Corporate Finance _cRoss , Westerfield, Jordan. |
||
| 250 | _a6th | ||
| 260 |
_aNew York _bMc Graw Hill Edition _c1991 |
||
| 300 | _a9252 p. | ||
| 650 | _aFinance | ||
| 650 | _aFinance | ||
| 700 | _aRoss , Westerfield, Jordan. | ||
| 999 |
_c4719 _d4719 |
||